The story of my life / (Record no. 3705)

MARC details
000 -LEADER
fixed length control field 01120nam a22002417a 4500
001 - CONTROL NUMBER
control field 3705
003 - CONTROL NUMBER IDENTIFIER
control field FISKH
005 - DATE AND TIME OF LATEST TRANSACTION
control field 20240423101049.0
008 - FIXED-LENGTH DATA ELEMENTS--GENERAL INFORMATION
fixed length control field 240423b cb ||||| |||| 00| 0 eng d
040 ## - CATALOGING SOURCE
Original cataloging agency FISK
Language of cataloging eng
Transcribing agency FISK
Modifying agency FISK
050 ## - LIBRARY OF CONGRESS CALL NUMBER
Classification number HV1624.K4
082 ## - DEWEY DECIMAL CLASSIFICATION NUMBER
Classification number 362.41092
100 ## - MAIN ENTRY--PERSONAL NAME
Personal name Keller Helen
Dates associated with a name 1880-1968
245 ## - TITLE STATEMENT
Title The story of my life /
260 ## - PUBLICATION, DISTRIBUTION, ETC.
Place of publication, distribution, etc. New York :
Name of publisher, distributor, etc. Scholastic,
Date of publication, distribution, etc. 1967
300 ## - PHYSICAL DESCRIPTION
Extent 159 pages :
Dimensions 18 cm
505 ## - FORMATTED CONTENTS NOTE
Formatted contents note Z
520 ## - SUMMARY, ETC.
Summary, etc. Helen Keller's autobiography, The Story of My Life, tells of her early life and of her experiences with Annie Sullivan, her teacher and companion. It was first published in 1903. Keller was the first deaf-blind person to attain a Bachelor of Arts degree, became well traveled and a prolific author, and was outspoken in her campaigning against war and for many other progressive causes. This story shows how Annie Sullivan helped Keller break through her isolation and absence of language to blossom and learn to live in the world of people.
521 8# - TARGET AUDIENCE NOTE
Target audience note 1090
Source Lexile
700 ## - ADDED ENTRY--PERSONAL NAME
Personal name Helen Keller
942 ## - ADDED ENTRY ELEMENTS (KOHA)
Source of classification or shelving scheme Library of Congress Classification
Koha item type Books
Suppress in OPAC No
Holdings
Withdrawn status Lost status Source of classification or shelving scheme Damaged status Not for loan Collection Home library Current library Shelving location Date acquired Total Checkouts Full call number Barcode Date last seen Copy number Price effective from Koha item type
    Library of Congress Classification     Non-Fiction Footprints International School Library Network Toul Kork Campus Footprints International School Library Network Toul Kork Campus TTP Secondary Non-Fiction Bookshelves 04/23/2024   KEL HV1624.K4 362.41092 2024-0494 04/23/2024 1 04/23/2024 Books